| 000 | 01464nam a2200397 a 4500 | ||
|---|---|---|---|
| 001 | ebr10231526 | ||
| 003 | CaPaEBR | ||
| 006 | m u | ||
| 007 | cr cn||||||||| | ||
| 008 | 070212s2007 mauaf s 001 0 eng | ||
| 010 | _z 2007006230 | ||
| 015 |
_aGBA741976 _2bnb |
||
| 016 | 7 |
_z013756785 _2Uk |
|
| 020 | _z9781584505228 (pbk. with cd-rom : alk. paper) | ||
| 020 | _z1584505222 (pbk. with cd-rom : alk. paper) | ||
| 040 |
_aCaPaEBR _cCaPaEBR |
||
| 035 | _a(OCoLC)568421505 | ||
| 050 | 1 | 4 |
_aT385 _b.C345 2007eb |
| 082 | 0 | 4 |
_a006.6/93 _222 |
| 100 | 1 | _aCall, Anson. | |
| 245 | 1 | 0 |
_aCinema 4D R10 handbook _h[electronic resource] / _cAnson Call. |
| 250 | _a1st ed. | ||
| 260 |
_aBoston, Mass. : _bCharles River Media, _cc2007. |
||
| 300 |
_axvi, 400 p., [8] p. of plates : _bill. (some col.). |
||
| 490 | 1 | _aCharles River Media graphics series | |
| 500 | _aIncludes index. | ||
| 533 |
_aElectronic reproduction. _bPalo Alto, Calif. : _cebrary, _d2013. _nAvailable via World Wide Web. _nAccess may be limited to ebrary affiliated libraries. |
||
| 630 | 0 | 0 | _aCinema 4D XL. |
| 650 | 0 | _aComputer graphics. | |
| 650 | 0 | _aComputer animation. | |
| 650 | 0 | _aThree-dimensional display systems. | |
| 655 | 7 |
_aElectronic books. _2local |
|
| 710 | 2 | _aebrary, Inc. | |
| 830 | 0 | _aCharles River Media graphics. | |
| 856 | 4 | 0 |
_uhttp://site.ebrary.com/lib/rucke/Doc?id=10231526 _zAn electronic book accessible through the World Wide Web; click to view |
| 999 |
_c39782 _d39782 |
||